Inovačné podnikanie malých a stredných podnikov

Postavenie malých a stredných podnikov v trhovom hospodárstve. Zakladanie inovačných firiem ktoré sú orientované na využitie nových vedeckých poznatkov, na prepracovanie nových technológií, na aplikáciu výpočtovej techniky a informatiky v najrôznejších odboroch. Formy inovačných centier. Inovačné po...

ver descrição completa

Na minha lista:
Detalhes bibliográficos
Autor principal: Daňková, Alena
Formato: Capítulo de Livro
Idioma:eslovaco
Assuntos:
Tags: Adicionar Tag
Sem tags, seja o primeiro a adicionar uma tag!

MARC

LEADER 00000naa a2200000 4500
001 r028189
005 20230918075009.5
041 0 |a slo 
044 |a SK 
245 1 0 |a Inovačné podnikanie malých a stredných podnikov  |c Alena Daňková 
520 |a Postavenie malých a stredných podnikov v trhovom hospodárstve. Zakladanie inovačných firiem ktoré sú orientované na využitie nových vedeckých poznatkov, na prepracovanie nových technológií, na aplikáciu výpočtovej techniky a informatiky v najrôznejších odboroch. Formy inovačných centier. Inovačné podnikanie v podmienkach regiónu Spiš i v rámci SR. Základné podmienky rozvoja malých a stredných podnikov. 
610 2 0 |a podnikanie 
610 2 0 |a podnik malý 
610 2 0 |a podnik stredný 
610 2 0 |a inovácia 
610 2 0 |a centrá inovačné 
610 2 0 |a Spiš 
610 2 0 |a Slovensko 
610 2 0 |a rozvoj regionálny 
100 1 |a Daňková, Alena